[Event "CZE-chT2E 1516"]
[Site "Czech Republic"]
[Date "2015.10.18"]
[Round "1.7"]
[White "Musil, Vitezslav"]
[Black "Fuchs, Ludek"]
[Result "1-0"]
[WhiteElo "1941"]
[BlackElo "1870"]
[PlyCount "41"]
[EventDate "2015.10.18"]
[EventType "team-tourn"]
[EventRounds "11"]
[EventCountry "CZE"]
[SourceTitle "EXT 2022"]
[Source "ChessBase"]
[SourceDate "2021.10.06"]
[SourceVersion "1"]
[SourceVersionDate "2021.10.06"]
[SourceQuality "1"]
[WhiteTeam "Grygov II"]
[BlackTeam "Brno Duras II"]
[WhiteTeamCountry "CZE"]
[BlackTeamCountry "CZE"]

1. e4 c5 2. Nf3 Nc6 3. d4 cxd4 4. Nxd4 Nf6 5. Nc3 d6 6. Bc4 g6 7. Nxc6 bxc6 8. e5 Ng4 9. exd6 Qxd6 10. Qxd6 exd6 11. Bf4 d5 12. Nxd5 cxd5 13. Bxd5 Bc5 14. 0-0 Ba6 15. Bxa8 0-0 16. Bd5 Re8 17. Bg3 Re2 18. Bf3 Rxc2 19. Bxg4 Bxf1 20. Kxf1 Rxb2 21. Rc1 1-0

[Event "Tatry op"]
[Site "Tatranske Zruby"]
[Date "2012.09.24"]
[Round "2"]
[White "Fuchs, Ludek"]
[Black "Mosny, Jaroslav"]
[Result "1/2-1/2"]
[WhiteElo "2016"]
[BlackElo "1923"]
[PlyCount "44"]
[EventDate "2012.09.23"]
[EventType "swiss"]
[EventRounds "9"]
[EventCountry "SVK"]
[SourceTitle "CBM 150 Extra"]
[Source "ChessBase"]
[SourceDate "2012.10.19"]
[SourceVersion "1"]
[SourceVersionDate "2012.10.19"]
[SourceQuality "1"]

1. d4 Nf6 2. c4 e5 3. dxe5 Ne4 4. Nf3 Nc6 5. Nbd2 Bb4 6. a3 Bxd2+ 7. Bxd2 Nxd2 8. Qxd2 Qe7 9. Qc3 0-0 10. 0-0-0 d6 11. exd6 cxd6 12. e3 Bg4 13. Rd5 Rac8 14. h4 Be6 15. Rg5 f6 16. Rg3 Ne5 17. Kb1 Bxc4 18. Bxc4+ Rxc4 19. Qb3 Qf7 20. Nd4 Rfc8 21. Ka2 a5 22. Kb1 a4 1/2-1/2

[Event "CZE-chT rap"]
[Site "Pardubice"]
[Date "2012.07.12"]
[Round "1.4"]
[White "Kulovana, Eva"]
[Black "Fuchs, Ludek"]
[Result "0-1"]
[WhiteElo "2264"]
[BlackElo "2019"]
[PlyCount "58"]
[EventDate "2012.07.12"]
[EventType "team-swiss"]
[EventRounds "7"]
[EventCountry "CZE"]
[SourceTitle "EXT 2013"]
[Source "ChessBase"]
[SourceDate "2012.11.22"]
[SourceVersion "1"]
[SourceVersionDate "2012.11.22"]
[SourceQuality "1"]

1. e4 c5 2. Nf3 Nc6 3. Bb5 g6 4. Bxc6 bxc6 5. 0-0 Bg7 6. Re1 e5 7. c3 Ne7 8. d4 cxd4 9. cxd4 exd4 10. Nxd4 0-0 11. Nc3 Ba6 12. Bg5 f6 13. Bf4 Bc4 14. Bd6 Re8 15. Qa4 Bf7 16. Rad1 Qb6 17. Nb3 f5 18. e5 Nd5 19. Nxd5 Bxd5 20. Nc5 Qxb2 21. Nxd7 Qxa2 22. Qxa2 Bxa2 23. Ra1 Bd5 24. f4 Red8 25. Nc5 Rxd6 26. exd6 Bd4+ 27. Kh1 Bxc5 28. d7 Kf7 29. Rec1 Bb6 0-1

[Event "CZE-chT2E 0809"]
[Site "Czech Republic"]
[Date "2009.01.11"]
[Round "6.7"]
[White "Fuchs, Ludek"]
[Black "Mohapl, Petr"]
[Result "1/2-1/2"]
[WhiteElo "2067"]
[BlackElo "2083"]
[PlyCount "66"]
[EventDate "2008.10.12"]
[EventType "tourn"]
[EventRounds "11"]
[EventCountry "CZE"]
[SourceTitle "EXT 2010"]
[Source "ChessBase"]
[SourceDate "2010.11.25"]
[SourceVersion "1"]
[SourceVersionDate "2010.11.25"]
[SourceQuality "1"]
[WhiteTeam "Brno Duras III"]
[BlackTeam "Litovel II"]
[WhiteTeamCountry "CZE"]
[BlackTeamCountry "CZE"]

1. d4 d5 2. c4 e6 3. Nc3 Nf6 4. Nf3 Nbd7 5. Bg5 c6 6. e3 Qa5 7. Bxf6 Nxf6 8. Nd2 Bb4 9. Qc2 0-0 10. Bd3 Re8 11. 0-0 Bd6 12. f4 g6 13. c5 Bf8 14. h3 Nh5 15. g4 Ng7 16. a3 f5 17. Nf3 Qd8 18. Qf2 Re7 19. Ne5 Ne8 20. g5 Bg7 21. Nf3 b6 22. b4 bxc5 23. bxc5 Qa5 24. Qc2 Rb8 25. a4 Reb7 26. Rab1 Nc7 27. Rxb7 Rxb7 28. Rb1 Na6 29. Rxb7 Bxb7 30. Qb3 Qb4 31. Qxb4 Nxb4 32. Be2 Na6 33. Na2 Nb8 1/2-1/2

[Event "CZE-chT2E 0809"]
[Site "Czech Republic"]
[Date "2008.10.12"]
[Round "1.7"]
[White "Fuchs, Ludek"]
[Black "Staufcik, Michal"]
[Result "0-1"]
[WhiteElo "2067"]
[BlackElo "2048"]
[PlyCount "82"]
[EventDate "2008.10.12"]
[EventType "tourn"]
[EventRounds "11"]
[EventCountry "CZE"]
[SourceTitle "EXT 2010"]
[Source "ChessBase"]
[SourceDate "2010.11.25"]
[SourceVersion "1"]
[SourceVersionDate "2010.11.25"]
[SourceQuality "1"]
[WhiteTeam "Brno Duras III"]
[BlackTeam "Stare Mesto III"]
[WhiteTeamCountry "CZE"]
[BlackTeamCountry "CZE"]

1. d4 c5 2. d5 e5 3. c4 d6 4. Nc3 g6 5. g3 Bg7 6. Bg2 Ne7 7. e4 0-0 8. Nge2 a6 9. 0-0 Bd7 10. a4 b6 11. f4 f6 12. fxe5 fxe5 13. Bg5 Rxf1+ 14. Qxf1 h6 15. Be3 Ra7 16. Qc1 Kh7 17. h3 Rb7 18. Qd2 Ng8 19. Kh2 Nf6 20. g4 Ne8 21. g5 h5 22. Ng3 Nc7 23. Qe2 Be8 24. Bf3 b5 25. cxb5 axb5 26. a5 Kg8 27. Nxh5 gxh5 28. Bxh5 b4 29. Na4 Nb5 30. Qg4 Bxh5 31. Qxh5 Nd4 32. g6 Bf6 33. Rf1 c4 34. Qg4 Rc7 35. Bxd4 exd4 36. Qe6+ Kg7 37. h4 Qe7 38. Qg4 Qe5+ 39. Kh1 Re7 40. Rf4 c3 41. bxc3 dxc3 0-1

[Event "CZE-chT2e 0607"]
[Site "Czech Republic"]
[Date "2007.04.15"]
[Round "11.7"]
[White "Zdrazil, Tomas"]
[Black "Fuchs, Ludek"]
[Result "1-0"]
[WhiteElo "2002"]
[BlackElo "2098"]
[PlyCount "43"]
[EventDate "2006.10.15"]
[EventType "team-tourn"]
[EventRounds "11"]
[EventCountry "CZE"]
[SourceTitle "EXT 2009"]
[Source "ChessBase"]
[SourceDate "2008.11.26"]
[SourceVersion "1"]
[SourceVersionDate "2008.11.26"]
[SourceQuality "1"]

1. e4 c5 2. Nf3 Nc6 3. d4 cxd4 4. Nxd4 Nf6 5. Nc3 d6 6. Bg5 e6 7. Qd2 Be7 8. 0-0-0 0-0 9. f4 a6 10. Bxf6 gxf6 11. Bc4 Qc7 12. f5 b5 13. Bb3 Na5 14. Nce2 Nxb3+ 15. axb3 Bb7 16. fxe6 Bxe4 17. Ng3 Bg6 18. h4 d5 19. exf7+ Rxf7 20. Ngf5 Rc8 21. Nh6+ Kg7 22. Ne6+ 1-0

[Event "CZE-chT2d 0405"]
[Site "Czech Republic"]
[Date "2005.??.??"]
[Round "5"]
[White "Krejci, Petr"]
[Black "Fuchs, Ludek"]
[Result "1/2-1/2"]
[WhiteElo "2185"]
[BlackElo "1965"]
[PlyCount "81"]
[EventDate "2004.10.??"]
[EventType "team-tourn"]
[EventRounds "11"]
[EventCountry "CZE"]
[SourceTitle "EXT 2007"]
[Source "ChessBase"]
[SourceDate "2006.11.23"]
[SourceVersion "1"]
[SourceVersionDate "2006.11.23"]
[SourceQuality "1"]

1. d4 Nf6 2. c4 g6 3. Nc3 Bg7 4. e4 d6 5. Be2 0-0 6. Be3 Nbd7 7. Qd2 c5 8. d5 Re8 9. Bh6 Bh8 10. h4 Ne5 11. h5 e6 12. hxg6 fxg6 13. f3 exd5 14. cxd5 a6 15. a4 Qa5 16. Ra3 Nh5 17. Kf2 Qb4 18. g4 Nf6 19. Rh4 Nexg4+ 20. fxg4 Rxe4 21. Kg2 Rd4 22. Qe3 Bxg4 23. Bxg4 Rxg4+ 24. Rxg4 Qxg4+ 25. Qg3 Qh5 26. Qg5 Re8 27. Nf3 Qxg5+ 28. Bxg5 Ne4 29. Bf4 Nxc3 30. bxc3 Re2+ 31. Kf1 Rc2 32. Bxd6 Bxc3 33. Bxc5 Bb2 34. Ra2 Rxc5 35. Rxb2 Rxd5 36. Rxb7 Rf5 37. Kg2 Rf4 38. Kg3 Rxa4 39. Ne5 Re4 40. Ng4 Rc4 41. Nf6+ 1/2-1/2

[Event "Brno Trade op"]
[Site "Brno"]
[Date "2004.09.04"]
[Round "8"]
[White "Fuchs, Ludek"]
[Black "Kireev, Aleksei"]
[Result "0-1"]
[WhiteElo "2019"]
[BlackElo "2358"]
[PlyCount "60"]
[EventDate "2004.08.??"]
[EventType "swiss"]
[EventRounds "9"]
[EventCountry "CZE"]
[SourceTitle "CBM 103 Extra"]
[Source "ChessBase"]
[SourceDate "2005.01.01"]
[SourceVersion "1"]
[SourceVersionDate "2005.01.01"]
[SourceQuality "1"]

1. d4 g6 2. e4 d6 3. Nc3 c6 4. a4 e5 5. Nge2 Bg7 6. Be3 Nd7 7. g3 Ngf6 8. h3 0-0 9. Bg2 Qe7 10. 0-0 Ne8 11. f4 f6 12. Qd2 a5 13. fxe5 fxe5 14. d5 c5 15. Bh6 Bxh6 16. Qxh6 Qg7 17. Qxg7+ Kxg7 18. g4 h6 19. Rxf8 Kxf8 20. Ng3 Ke7 21. h4 Ndf6 22. h5 g5 23. Bf3 Nxg4 24. Nf5+ Bxf5 25. exf5 Ne3 26. Be4 Ng7 27. f6+ Kxf6 28. Re1 Nc4 29. Nb5 Ke7 30. Rf1 Nd2 0-1

[Event "Brno Trade op"]
[Site "Brno"]
[Date "2004.09.02"]
[Round "5"]
[White "Keller, Daniel"]
[Black "Fuchs, Ludek"]
[Result "1/2-1/2"]
[WhiteElo "2137"]
[BlackElo "2019"]
[PlyCount "156"]
[EventDate "2004.08.??"]
[EventType "swiss"]
[EventRounds "9"]
[EventCountry "CZE"]
[SourceTitle "CBM 103 Extra"]
[Source "ChessBase"]
[SourceDate "2005.01.01"]
[SourceVersion "1"]
[SourceVersionDate "2005.01.01"]
[SourceQuality "1"]

1. f4 g6 2. d4 f5 3. Nf3 Nf6 4. e3 d5 5. Bd3 Nbd7 6. c4 e6 7. Nc3 c5 8. Qb3 Qb6 9. 0-0 Qxb3 10. axb3 a6 11. Rd1 Ne4 12. cxd5 Nxc3 13. bxc3 exd5 14. Bb5 Rb8 15. Bxd7+ Bxd7 16. dxc5 Bxc5 17. Rxd5 Bb6 18. Ne5 Rd8 19. Nc4 Bc7 20. Ba3 Be6 21. Rxd8+ Kxd8 22. Nd2 Bb6 23. Kf2 Kc7 24. Be7 Kc6 25. Bf6 Re8 26. Bd4 Bc7 27. c4 Rd8 28. Nf3 Bc8 29. Ke2 Re8 30. g3 Rd8 31. h3 Re8 32. Kd3 Re7 33. Kc3 Be6 34. Be5 Bb6 35. Bf6 Re8 36. Bd4 Bc7 37. Ng5 Bg8 38. Nf3 Be6 39. Be5 Bb6 40. Nd4+ Bxd4+ 41. exd4 Kb6 42. d5 Bd7 43. b4 Rc8 44. Bd4+ Kc7 45. Re1 Re8 46. Re5 Ba4 47. Bc5 Bd7 48. Be7 Ba4 49. Kd4 Kd7 50. Bf6 Bc2 51. c5 Be4 52. Bg5 Bg2 53. g4 fxg4 54. hxg4 Bf3 55. Rxe8 Kxe8 56. f5 Bxg4 57. f6 Kf7 58. Ke5 Bf3 59. Bd2 Bg2 60. Bc3 g5 61. Kd6 g4 62. c6 bxc6 63. dxc6 Be4 64. Kd7 g3 65. c7 Bf5+ 66. Kd8 h5 67. c8Q Bxc8 68. Kxc8 h4 69. Be5 Ke6 70. Bc7 Kxf6 71. Kb7 Kf5 72. Kxa6 Kg4 73. b5 h3 74. b6 h2 75. b7 h1Q 76. b8Q Qa1+ 77. Kb7 Qb1+ 78. Bb6 Qe4+ 1/2-1/2

[Event "Stare Mesto op"]
[Site "Stare Mesto"]
[Date "2004.08.14"]
[Round "2"]
[White "Fuchs, Ludek"]
[Black "Kotan, Ladislav"]
[Result "0-1"]
[WhiteElo "2101"]
[BlackElo "2325"]
[PlyCount "72"]
[EventDate "2004.08.13"]
[EventType "swiss"]
[EventRounds "10"]
[EventCountry "CZE"]
[SourceTitle "EXT 2006"]
[Source "ChessBase"]
[SourceDate "2005.11.24"]
[SourceVersion "1"]
[SourceVersionDate "2005.11.24"]
[SourceQuality "1"]

1. d4 d5 2. c4 e6 3. Nc3 Be7 4. Nf3 Nf6 5. Bg5 h6 6. Bh4 0-0 7. e3 b6 8. a3 Bb7 9. b4 dxc4 10. Bxc4 c5 11. dxc5 bxc5 12. Qb3 cxb4 13. axb4 Nc6 14. b5 Na5 15. Rxa5 Qxa5 16. 0-0 Bxf3 17. gxf3 Rac8 18. Ne2 Qb4 19. Qxb4 Bxb4 20. Bb3 Rc5 21. Ba4 Nd5 22. Rb1 Rfc8 23. Nd4 Rc1+ 24. Rxc1 Rxc1+ 25. Kg2 Bd6 26. Bd8 Bc7 27. Bh4 e5 28. Nc2 Nc3 29. Bb3 Nxb5 30. Be7 Bd6 31. Bd8 Rb1 32. Ba4 Nc3 33. Bd7 g6 34. e4 Ne2 35. Ne3 Nf4+ 36. Kg3 Rg1+ 0-1

[Event "CZE-chT2d 0304"]
[Site "Czech Republic"]
[Date "2004.??.??"]
[Round "?"]
[White "Fuchs, Ludek"]
[Black "Mlensky, Dalibor"]
[Result "1/2-1/2"]
[WhiteElo "2100"]
[BlackElo "2075"]
[PlyCount "34"]
[EventDate "2003.??.??"]
[EventType "team-tourn"]
[EventRounds "11"]
[EventCountry "CZE"]
[SourceTitle "EXT 2007"]
[Source "ChessBase"]
[SourceDate "2006.11.23"]
[SourceVersion "1"]
[SourceVersionDate "2006.11.23"]
[SourceQuality "1"]

1. d4 d5 2. c4 dxc4 3. e3 Nf6 4. Bxc4 a6 5. a4 e6 6. Nc3 c5 7. Nf3 cxd4 8. exd4 Be7 9. 0-0 0-0 10. Bf4 Nc6 11. d5 Nxd5 12. Nxd5 exd5 13. Bxd5 Bf6 14. Qb3 Na5 15. Qa2 Nc6 16. Rad1 Qb6 17. Rfe1 Bg4 1/2-1/2

[Event "Brno Duras BVK op-A"]
[Site "Brno"]
[Date "2003.??.??"]
[Round "8"]
[White "Macharacek, Simon"]
[Black "Fuchs, Ludek"]
[Result "0-1"]
[WhiteElo "2205"]
[BlackElo "2085"]
[PlyCount "56"]
[EventDate "2003.06.28"]
[EventType "swiss"]
[EventRounds "9"]
[EventCountry "CZE"]
[SourceTitle "EXT 2007"]
[Source "ChessBase"]
[SourceDate "2006.11.23"]
[SourceVersion "1"]
[SourceVersionDate "2006.11.23"]
[SourceQuality "1"]

1. e4 c5 2. Nf3 Nc6 3. d4 cxd4 4. Nxd4 Nf6 5. Nc3 d6 6. Bg5 e6 7. Qd2 Be7 8. 0-0-0 a6 9. f3 Qc7 10. Kb1 b5 11. h4 Bb7 12. g4 Rc8 13. Be3 Ne5 14. Bd3 Nfd7 15. Rhg1 Nb6 16. Qf2 Nbc4 17. f4 Nxe3 18. fxe5 Nxd1 19. Nxd1 dxe5 20. Nb3 0-0 21. Ne3 Bc5 22. Nxc5 Qxc5 23. Qg3 Qd4 24. Nf5 exf5 25. gxf5 g6 26. h5 Bxe4 27. hxg6 fxg6 28. fxg6 hxg6 0-1

[Event "Klatovy op-A"]
[Site "Klatovy"]
[Date "1998.??.??"]
[Round "?"]
[White "Folta, Jaroslav"]
[Black "Fuchs, Ludek"]
[Result "1/2-1/2"]
[WhiteElo "1965"]
[BlackElo "1885"]
[PlyCount "35"]
[EventDate "1998.??.??"]
[EventType "swiss"]
[EventRounds "9"]
[EventCountry "CZE"]
[SourceTitle "EXT 2000"]
[Source "ChessBase"]
[SourceDate "1999.11.16"]
[SourceVersion "1"]
[SourceVersionDate "1999.11.16"]
[SourceQuality "1"]

1. d4 d5 2. c4 e6 3. Nc3 c6 4. Nf3 Nf6 5. cxd5 exd5 6. e3 Bf5 7. Bd3 Bxd3 8. Qxd3 Bd6 9. Rb1 Nbd7 10. 0-0 0-0 11. b4 b5 12. e4 dxe4 13. Nxe4 Qc7 14. Bg5 Nd5 15. Bd2 h6 16. Rfd1 Rfd8 17. g3 N7f6 18. Nxd6 1/2-1/2

[Event "Klatovy op-A"]
[Site "Klatovy"]
[Date "1998.??.??"]
[Round "?"]
[White "Fuchs, Ludek"]
[Black "Cecil, Pavel"]
[Result "1-0"]
[WhiteElo "1885"]
[BlackElo "2005"]
[PlyCount "193"]
[EventDate "1998.??.??"]
[EventType "swiss"]
[EventRounds "9"]
[EventCountry "CZE"]
[SourceTitle "EXT 2000"]
[Source "ChessBase"]
[SourceDate "1999.11.16"]
[SourceVersion "1"]
[SourceVersionDate "1999.11.16"]
[SourceQuality "1"]

1. e4 e6 2. d4 d5 3. e5 b6 4. c3 Qd7 5. a3 Ba6 6. Bxa6 Nxa6 7. Ne2 h6 8. 0-0 c5 9. f4 Ne7 10. Nd2 Nf5 11. Nf3 h5 12. Ng5 Be7 13. Ng3 g6 14. b4 Nc7 15. bxc5 bxc5 16. Nxf5 exf5 17. a4 Ne6 18. h4 0-0 19. Ba3 Rfc8 20. dxc5 Bxc5+ 21. Bxc5 Rxc5 22. Qb3 Rac8 23. Rad1 Rc4 24. Nh3 R8c5 25. Rf3 Qxa4 26. Qxa4 Rxa4 27. Rfd3 Nc7 28. g3 Ra3 29. Kf2 Rcxc3 30. Rxc3 Rxc3 31. Ra1 a6 32. Ng5 Kf8 33. Rb1 Nb5 34. Ra1 Na3 35. Rd1 Rc2+ 36. Kf3 Rc5 37. Nh7+ Ke7 38. Nf6 Ke6 39. Ra1 Rc3+ 40. Kf2 d4 41. Rd1 Nc2 42. Rb1 Rc8 43. Rb6+ Ke7 44. Rxa6 Nb4 45. Rb6 Nd3+ 46. Ke2 Nc5 47. Nd5+ Kf8 48. Rb1 Rd8 49. Nf6 d3+ 50. Kd2 Ke7 51. Rb4 Ra8 52. Ke3 Rd8 53. Kd2 Kf8 54. Nh7+ Kg8 55. Nf6+ Kg7 56. Rb2 Ne4+ 57. Nxe4 fxe4 58. Ke3 f5 59. Rb7+ Kg8 60. Rb2 Rc8 61. Kd2 Rc6 62. Ra2 Kf7 63. Rb2 Ke6 64. Ra2 Kd5 65. Ra5+ Kc4 66. Ra1 Rb6 67. Ra4+ Kb3 68. Ra8 Rb7 69. Rc8 Ra7 70. Rb8+ Kc4 71. Rc8+ Kd5 72. Rd8+ Kc6 73. Ke3 Kc7 74. Rd6 Ra2 75. Kd4 Rc2 76. Rd5 Rc6 77. Ke3 Ra6 78. Kd4 Rc6 79. Ke3 Rb6 80. Kd4 Ra6 81. Kc3 Ra2 82. Kd4 Rg2 83. Kc3 e3 84. Rxd3 Rxg3 85. Rd4 Rg1 86. Rc4+ Kd7 87. Kd3 Rg4 88. Kxe3 Rxh4 89. Ra4 Rg4 90. Ra6 h4 91. Ra7+ Ke6 92. Rh7 Kd5 93. Rd7+ Kc6 94. Rd1 h3 95. e6 Rh4 96. e7 Rh8 97. Rd8 1-0

[Event "Klatovy op-A"]
[Site "Klatovy"]
[Date "1998.??.??"]
[Round "?"]
[White "Maly, Alexey"]
[Black "Fuchs, Ludek"]
[Result "1-0"]
[WhiteElo "1875"]
[BlackElo "1885"]
[PlyCount "33"]
[EventDate "1998.??.??"]
[EventType "swiss"]
[EventRounds "9"]
[EventCountry "CZE"]
[SourceTitle "EXT 2000"]
[Source "ChessBase"]
[SourceDate "1999.11.16"]
[SourceVersion "1"]
[SourceVersionDate "1999.11.16"]
[SourceQuality "1"]

1. e4 c5 2. Nf3 Nc6 3. d4 cxd4 4. Nxd4 Nf6 5. Nc3 d6 6. Be2 g6 7. 0-0 Bg7 8. Be3 0-0 9. h3 e6 10. Qd2 Qc7 11. f4 b5 12. Nxc6 Qxc6 13. e5 b4 14. Bf3 bxc3 15. Bxc6 cxd2 16. exf6 Rb8 17. fxg7 1-0